[Event "SVK-chT2A 1617"]
[Site "Slovakia"]
[Date "2016.12.03"]
[Round "5.4"]
[White "Hudacek, Josef"]
[Black "Drtina, Milan"]
[Result "1-0"]
[WhiteElo "2063"]
[BlackElo "2169"]
[PlyCount "165"]
[EventDate "2016.10.08"]
[EventType "team-tourn"]
[EventRounds "11"]
[EventCountry "SVK"]
[SourceTitle "EXT 2018"]
[Source "ChessBase"]
[SourceDate "2017.10.13"]
[SourceVersion "1"]
[SourceVersionDate "2017.10.13"]
[SourceQuality "1"]
[WhiteTeam "Skalica"]
[BlackTeam "Trnava Lokomotiva II"]
[WhiteTeamCountry "SVK"]
[BlackTeamCountry "SVK"]

1. e4 e5 2. Nf3 Nc6 3. Bb5 a6 4. Ba4 Nf6 5. 0-0 Be7 6. Re1 b5 7. Bb3 d6 8. c3 Na5 9. Bc2 c5 10. d4 Qc7 11. d5 0-0 12. Nbd2 Nb7 13. a4 Bd7 14. b3 Rfb8 15. Nf1 Ne8 16. Ng3 g6 17. h3 c4 18. b4 a5 19. Ba3 bxa4 20. bxa5 Nxa5 21. Nxe5 Nb3 22. Ra2 Bf6 23. Nxd7 Qxd7 24. Qf3 Be5 25. Qe3 Nc7 26. f4 Bg7 27. Ne2 Nb5 28. Bb4 Bf6 29. Rd1 Bd8 30. Qg3 Bb6+ 31. Kh1 Qa7 32. e5 Re8 33. Bb1 Bf2 34. Qg5 Bc5 35. e6 Bxb4 36. cxb4 Qe7 37. Qxe7 Rxe7 38. f5 gxf5 39. Bxf5 Rc7 40. exf7+ Kxf7 41. Bxh7 c3 42. Bc2 Raa7 43. Rd3 Kf6 44. Rf3+ Kg7 45. Rg3+ Kf7 46. Rd3 Rc4 47. Rf3+ Ke7 48. Bd3 Rxb4 49. Bxb5 c2 50. Rxc2 Rxb5 51. Nc3 Rbb7 52. Re2+ Kd8 53. Rf8+ Kc7 54. Rf7+ Kb6 55. Rxb7+ Rxb7 56. Nxa4+ Kb5 57. Re4 Ra7 58. Nc3+ Kc5 59. h4 Ra1+ 60. Kh2 Rc1 61. Ne2 Rf1 62. Nf4 Nd2 63. Ra4 Kb5 64. Rd4 Nb3 65. Rd3 Rxf4 66. Rxb3+ Kc4 67. Rh3 Kxd5 68. h5 Rf8 69. g4 Ke4 70. g5 Rg8 71. h6 Kf5 72. Rg3 Kg6 73. Kh3 Rc8 74. Kh4 Rc4+ 75. Rg4 d5 76. Kg3 Rc3+ 77. Kf2 Ra3 78. Rh4 Ra8 79. Rg4 Re8 80. Kf3 d4 81. Re4 Rd8 82. Kg4 Rd6 83. Re7 1-0

[Event "SVK-chT2A 1516"]
[Site "Slovakia"]
[Date "2016.01.24"]
[Round "7.3"]
[White "Hecko, Dusan"]
[Black "Hudacek, Josef"]
[Result "1/2-1/2"]
[WhiteElo "2080"]
[BlackElo "2058"]
[PlyCount "44"]
[EventDate "2015.10.17"]
[EventType "team-tourn"]
[EventRounds "11"]
[EventCountry "SVK"]
[SourceTitle "CBM 170 Extra"]
[Source "ChessBase"]
[SourceDate "2016.02.25"]
[SourceVersion "1"]
[SourceVersionDate "2016.02.25"]
[SourceQuality "1"]
[WhiteTeam "Osuske II"]
[BlackTeam "Skalica"]
[WhiteTeamCountry "SVK"]
[BlackTeamCountry "SVK"]

1. c4 Nf6 2. Nc3 g6 3. Nf3 Bg7 4. g3 c6 5. Bg2 0-0 6. 0-0 e6 7. d4 d5 8. Qb3 Nbd7 9. cxd5 exd5 10. Bg5 h6 11. Bf4 Re8 12. Rfe1 Nf8 13. Rad1 Nh5 14. Bc1 Ne6 15. e4 dxe4 16. Rxe4 Nf6 17. Ree1 Qc7 18. d5 cxd5 19. Nxd5 Nxd5 20. Rxd5 Bd7 21. Be3 Bc6 22. Rd2 Qa5 1/2-1/2

[Event "SVK-chT3A2 1516"]
[Site "Slovakia"]
[Date "2015.11.15"]
[Round "3.5"]
[White "Hudacek, Josef"]
[Black "Lanik, Miroslav"]
[Result "1-0"]
[WhiteElo "2057"]
[BlackElo "1906"]
[PlyCount "63"]
[EventDate "2015.10.11"]
[EventType "team-tourn"]
[EventRounds "11"]
[EventCountry "SVK"]
[SourceTitle "EXT 2020"]
[Source "ChessBase"]
[SourceDate "2019.10.17"]
[SourceVersion "1"]
[SourceVersionDate "2019.10.17"]
[SourceQuality "1"]
[WhiteTeam "Skalica II"]
[BlackTeam "Senica SK"]
[WhiteTeamCountry "SVK"]
[BlackTeamCountry "SVK"]

1. e4 c5 2. Ne2 d6 3. g3 Nf6 4. Bg2 Nc6 5. c3 e6 6. d3 Be7 7. 0-0 0-0 8. f4 Qc7 9. h3 Rb8 10. a4 b6 11. g4 Nd7 12. Nd2 Bb7 13. Nf3 Rfe8 14. g5 Bf8 15. h4 g6 16. Ng3 Bg7 17. h5 Ne7 18. Nh4 d5 19. Qg4 gxh5 20. Nxh5 Kh8 21. Nxg7 Kxg7 22. f5 Nc6 23. Qh5 Kg8 24. fxe6 Nde5 25. exf7+ Nxf7 26. Rf6 Nce5 27. Bf4 Qd7 28. Nf5 Re6 29. Bxe5 Nxe5 30. Nh6+ Kh8 31. Bh3 Qe8 32. Nf7+ 1-0

[Event "SVK-chT2A 1516"]
[Site "Slovakia"]
[Date "2015.11.07"]
[Round "3.4"]
[White "Hudacek, Josef"]
[Black "Janos, Jozef"]
[Result "0-1"]
[WhiteElo "2058"]
[BlackElo "2129"]
[PlyCount "80"]
[EventDate "2015.10.17"]
[EventType "team-tourn"]
[EventRounds "11"]
[EventCountry "SVK"]
[SourceTitle "CBM 169 Extra"]
[Source "ChessBase"]
[SourceDate "2015.12.18"]
[SourceVersion "1"]
[SourceVersionDate "2015.12.18"]
[SourceQuality "1"]
[WhiteTeam "Skalica"]
[BlackTeam "Bratislava DP"]
[WhiteTeamCountry "SVK"]
[BlackTeamCountry "SVK"]

1. e4 c5 2. Ne2 Nc6 3. g3 g6 4. Bg2 Bg7 5. d3 e6 6. 0-0 Nge7 7. c3 0-0 8. f4 d6 9. Nd2 Qc7 10. g4 f5 11. h3 Kh8 12. Nf3 d5 13. e5 Bd7 14. Qe1 Kg8 15. Qh4 Qd8 16. Qf2 b6 17. g5 Kf7 18. h4 Qc8 19. Ng3 Qa6 20. Qe2 Na5 21. Be3 c4 22. d4 b5 23. h5 Rfc8 24. Kf2 Qb6 25. Rh1 b4 26. hxg6+ hxg6 27. Rh7 bxc3 28. bxc3 Rab8 29. Bc1 Nac6 30. Nd2 Nxd4 31. cxd4 Qxd4+ 32. Qe3 Qxa1 33. Ba3 Nc6 34. Nxf5 gxf5 35. Qh3 Qd4+ 36. Ke1 Rh8 37. Qh5+ Kg8 38. g6 Qg1+ 39. Bf1 Qg3+ 40. Ke2 Qg4+ 0-1